Sintonización coordinada de AVR/PSS en un sistema multimáquina
Saved in:
| Main Author: | |
|---|---|
| Format: | Book |
| Published: |
[San José, Costa Rica]
2006
|
| Subjects: | |
| Tags: |
Add Tag
No Tags, Be the first to tag this record!
|
MARC
| LEADER | 00000nam a2200000Ia 4500 | ||
|---|---|---|---|
| 003 | 009812 | ||
| 005 | 20221231144113.0 | ||
| 008 | 140114s2006 cr a 000 ||s d | ||
| 040 | |c cru CEDI | ||
| 090 | |a TFG 5336 | ||
| 100 | |a Sánchez Aguilar, Juan Pablo |9 5115 | ||
| 245 | |a Sintonización coordinada de AVR/PSS en un sistema multimáquina | ||
| 260 | |c 2006 |b [San José, Costa Rica] | ||
| 300 | |a 93 hojas; ilustraciones | ||
| 500 | |a Proyecto de graduación (bachiller en ingeniería electrica)--Universidad de Costa Rica. Facultad de Ingeniería. Escuela de Ingeniería Eléctrica | ||
| 650 | |x OSCILACIONES |x DISPOSITIVOS DE DISTRIBUCION |x DISTRIBUCION DE ENERGIA ELECTRICA |x ESTABILIDAD DE SISTEMAS DE ENERGIA ELECTRICA |x SISTEMAS LINEALES |x MICROCONTROLADORES |9 5116 | ||
| 942 | |c TFG | ||
| 999 | |c 16941 |d 16941 | ||
